Carregant...
സഖാവ് /
| Autor principal: | |
|---|---|
| Altres autors: | |
| Format: | Printed Book |
| Publicat: |
Thiruvananthapuram
Chintha Publishers
2006
|
| Matèries: |
| LEADER | 00537cam a2200157ua 4500 | ||
|---|---|---|---|
| 999 | |c 44811 |d 44811 | ||
| 082 | |a 894.8122 |b MUR-S | ||
| 100 | |a മുരളി, പിരപ്പൻകോട് | ||
| 245 | |a സഖാവ് / | ||
| 260 | |a Thiruvananthapuram |b Chintha Publishers |c 2006 | ||
| 300 | |a 119p. | ||
| 650 | |a Malayalam drama | ||
| 650 | |a Sakhav | ||
| 700 | |a Murali, Pirappankode | ||
| 942 | |c BK | ||
| 952 | |0 0 |1 0 |4 0 |6 894_812000000000000_2_MUR_S |7 0 |9 56772 |a KU |b KU |d 2015-07-05 |l 2 |o 894.812 2 MUR/S |p CL00566 |r 2016-04-11 |s 2016-03-09 |w 2015-07-05 |y BK | ||